Las divas

Gorde:
Xehetasun bibliografikoak
Egile nagusia: Torres, Juan Manuel (Egilea)
Formatua: Liburua
Hizkuntza:gaztelania
Argitaratua: Ciudad de México UNAM 1962
Saila:Cuadernos de Cine, 5
Gaiak:
Etiketak: Etiketa erantsi
Etiketarik gabe, Izan zaitez lehena erregistro honi etiketa jartzen!

MARC

LEADER 00000nam a2200000 a 4500
001 UCU1108
003 CL-VaPUC
008 960329e19620000MX |||||||||||||||||spa|d
082 0 4 |a 778.53  |b TOR  |2 21 
100 0 |a Torres, Juan Manuel  |e author  |9 356707 
245 1 4 |a Las divas 
300 |a 35 p 
942 |c BK 
945 |d 19960329 00:00:00  |a lriquelm 
260 |a Ciudad de México  |b UNAM  |c 1962 
650 0 |a Cine  |9 225706 
650 0 |a Cinematografía  |9 265198 
650 0 |a Actores de cine  |9 356708 
650 0 |a Actores   |9 302313 
650 0 |a Artistas escénicos  |9 356710 
583 |a last modification  |c 19960329 00:00:00  |k Rodrigo Vera 
490 0 |a Cuadernos de Cine, 5 
999 |c 245852  |d 245850 
952 |0 0  |1 0  |4 0  |6 778_530000000000000_TOR_1962  |7 0  |8 P  |9 260463  |a BIBEDU  |b BIBEDU  |c BIBEDU_PB  |d 2019-11-19  |i 1623052  |o 778.53 TOR 1962  |p 1623052  |r 2024-01-25  |w 2019-11-19  |y BK  |k EDU